| 000 | 00785nam a2200289Ia 4500 | ||
|---|---|---|---|
| 001 | 19599 | ||
| 003 | IT-RoPAU | ||
| 008 | 130308s9999 xx 000 0 und d | ||
| 040 | _aIT-RoPAU | ||
| 040 | _cIT-RoPAU | ||
| 041 | _aITALIANO | ||
| 100 | _aPesce Alberto | ||
| 100 | _gCodice Aut. SPICS: 2682 | ||
| 245 | _aFilm non vietati ai minori (I)-Modelli umani e problemi educativi | ||
| 245 | _bCinema per l'uomo (Il) | ||
| 250 | _a1a ed. | ||
| 260 | _aROMA | ||
| 260 | _bUfficio Nazionale Spettacolo | ||
| 260 | _c1966 [1° Ed.:1966 - Ed.Ling.Originale:1966] | ||
| 300 | _a"27 p. (prefazione: no ; testo: 27 [pagine: 195-221])" | ||
| 650 | _aSAGGI SUL CINEMA | ||
| 650 | _eCodice materia Spics: 6811 | ||
| 942 | _cBK | ||
| 957 | _71 | ||
| 999 |
_c55324 _d55324 |
||
| 999 | _bSI | ||
| 999 | _g1 | ||